1027 1065 1256 1015 1364 1225 1802 1029 1247 1759 1897 1696 1771 1899 1950 1807 1696 1364 1284 1200 1642 1480 1653 1446 1315 1382 1190 1651 1293 1233 1132 1219 1911 1780 1964 1844 1405 1050 1833 1959 1703 1359 1418 1854 1559 1954 1126 1520 1757 1232 1279 1326 1399 1742 1873 1379 1040 1468 1748 1169 1409 1999 1295 1572 1818 1772 1880 1781 1474 1510 1223 1922 1627 1721 1712 1681 1012 1656 1197 1358 1032 1111 1227 1190 1415 1047 1590 1901 1358 1590 1512 1191 1950 1832 1075 1161 1320 1019 1164 BCNSPRNW ULIB Ver.6.0+V

เปลี่ยนเป็นภาษาไทย

Change to English
 แสดงรายละเอียดบรรณานุกรม
  กลับหน้าหลัก

Brief Record : Get Marc (ISO 2709) : E-mail record : QR code < ปิดหน้าต่าง
LEADER : 00000nam 2200000uu 4500
001    13399122323
003     ULIB
008    130212s2555||||th 000 0 tha d
020    ^a9786162231674
060 04 ^aWS100^bส875ห
110 1  ^aมหาวิทยาลัยขอนแก่น. ^bคณะแพทยศาสตร์.^bภาควิชากุมารเวชศาสตร์
245 10 ^aหัตถการในเด็ก ^b=Pediatric Procedures /^cบรรณาธิการ ; สุวรรณี วิษณุโยธิน,รสวันต์ อารีมิตร,กุณฑล วิชาจารย์
246 31 ^aPediatric Procedures
250    ^aพิมพ์ครั้งที่ 1
260    ^aขอนแก่น :^bภาควิชากุมารเวชศาสตร์ คณะแพทยศาสตร์ มหาวิทยาลัยขอนแก่น,^c2555
300    ^aviii, 251 หน้า
650  7 ^aการรักษาโรค^xในวัยทารกและเด็ก
650  7 ^aเด็ก, โรค
650  7 ^aหัตถการ^xเด็ก
700 0  ^aรสวันต์ อารีมิตร,^eบรรณาธิการ
700 0  ^aกุณฑล วิชาจารย์,^eบรรณาธิการ
945    ^p185^l0^i033556
945    ^p185^l0^i033557
945    ^p185^l0^i033575
945    ^p185^l0^i033558
945    ^p185^l0^i033559
945    ^p185^l0^i033560
945    ^p185^l0^i033561
999    ^a เกษร
รายการนี้ยังไม่มีแท็ก
คุณยังไม่ได้ล็อกอิน คุณสามารถมีกิจกรรมร่วมกับเว็บไซต์ได้ แต่ต้องล็อกอินก่อน ::
  ล็อกอิน

รายการสื่อสารสนเทศ

ลำดับที่ ประเภท เลขเรียก/บาร์โค้ด สถานที่ สถานะ
1. วิทยาศาสตร์การแพทย์ และสุขภาพ
หนังสือสำรอง
สถานะ=หนังสือสำรอง
WS100 ส875ห ฉ.1 
  Barcode: 033556
ห้องสมุดวิทยาเขตสวรรค์ประชารักษ์
►ส่วนจัดเก็บหนังสือเก่า สปร
บนชั้น
  ขอยืม
2. วิทยาศาสตร์การแพทย์ และสุขภาพ
วิทยาศาสตร์การแพทย์ และสุขภาพ
WS100 ส875ห ฉ.2 
  Barcode: 033557
ห้องสมุดวิทยาเขตสวรรค์ประชารักษ์
►ส่วนจัดเก็บหนังสือเก่า สปร
บนชั้น
  ขอยืม
3. วิทยาศาสตร์การแพทย์ และสุขภาพ
วิทยาศาสตร์การแพทย์ และสุขภาพ
WS100 ส875ห ฉ.3 
  Barcode: 033575
ห้องสมุดวิทยาเขตสวรรค์ประชารักษ์
►ส่วนจัดเก็บหนังสือเก่า สปร
บนชั้น
  ขอยืม
4. วิทยาศาสตร์การแพทย์ และสุขภาพ
วิทยาศาสตร์การแพทย์ และสุขภาพ
WS100 ส875ห ฉ.4 
  Barcode: 033558
ห้องสมุดวิทยาเขตสวรรค์ประชารักษ์
►ส่วนจัดเก็บหนังสือเก่า สปร
บนชั้น
  ขอยืม
5. วิทยาศาสตร์การแพทย์ และสุขภาพ
วิทยาศาสตร์การแพทย์ และสุขภาพ
WS100 ส875ห ฉ.5 
  Barcode: 033559
ห้องสมุดวิทยาเขตสวรรค์ประชารักษ์
►ส่วนจัดเก็บหนังสือเก่า สปร
บนชั้น
  ขอยืม
6. วิทยาศาสตร์การแพทย์ และสุขภาพ
วิทยาศาสตร์การแพทย์ และสุขภาพ
WS100 ส875ห ฉ.6 
  Barcode: 033560
ห้องสมุดวิทยาเขตสวรรค์ประชารักษ์
►ส่วนจัดเก็บหนังสือเก่า สปร
บนชั้น
  ขอยืม
7. วิทยาศาสตร์การแพทย์ และสุขภาพ
วิทยาศาสตร์การแพทย์ และสุขภาพ
WS100 ส875ห ฉ.7 
  Barcode: 033561
ห้องสมุดวิทยาเขตสวรรค์ประชารักษ์
►ส่วนจัดเก็บหนังสือเก่า สปร
บนชั้น
  ขอยืม

รายการใกล้เคียง
    หัวเรื่อง [เด็ก, โรค]

BibComment


ยังไม่เคยถูกคอมเมนท์

คอมเมนท์ทรัพยากรรายการนี้
  คอมเมนท์: หัตถการในเด็ก P..


 Copyright 2026. Bcnsprnw @Library